01881nam a2200361 a 4500001001000000003000900010005001700019007000300036008004100039020001800080040002500098082002200123100003700145245012300182260006800305300002800373490004000401500005600441504003300497590002700530651005600557651005600613700004000669710005100709910003800760942001400798952013400812952013500946952014101081952012401222952015601346999001701502000036895DO-SdBNP20240715140508.0ta120203s2011 dr a 000 0 spa d a9789945074376 aDO-SdBNPbspacBNPHU 4a972.93bC343r2221 aCassá, Roberto, d1948-91088810aRebelión de los capitanes :bviva el rey y muera el mal gobierno /cRoberto Cassá ; prólogo Raymundo González. aSanto Domingo :bArchivo General de la Nación :bUASD,c2011. a514 p. :bil. ;c24 cm.1 aArchivo General de la Naciónv147 aIncluye bibliografía y notas al pie de páginas. aBibliografía : p. 471-472. aInventariado, 2019/MFF 4aRepúblia DominicanaxHistoriayHasta 1844-954407 0aRepública Dominicana --xHistoria --y1961-96572 aGonzález, Raymundoepról.963731 aUniversidad Autónoma de Santo Domingo972951 aValidado. Control de calidad EMS. 2ddccLBS1 00102ddc56708DSaBNPHUbBNPHUcHDd2012-02-03eDonaciónoBNPHU DS 972.93 C343rp36895-30r2020-06-25te.3w2020-06-25yLBS1 00102ddc51708PDaBNPHUbBNPHUcHDd2012-02-03eDepósito LegaloBNPHU PD 972.93 C343rp36895-10r2020-06-25w2020-06-25yLBS1 00102ddc51708PDaBNPHUbBNPHUcHDd2012-02-03eDepósito LegaloBNPHU PD 972.93 C343rp36895-20r2020-06-25te. 2w2020-06-25yLBS1 00102ddc56708DSaBNPHUbBNPHUcHDd2022-11-30oBNPHU DS 972.93 C343rp2022-5822r2022-11-30te. 4w2022-11-30yLBS1 00102ddc56708DSaBNPHUbBNPHUcHDd2022-12-13eDonado por Rivas 19-05-2022l0oBNPHU DS 972.93 C343rp2022-5986r2022-12-13te. 5w2022-12-13yLBS1 c36386d36386